[Event "Wch U18"]
[Site "Batumi"]
[Date "2006.10.27"]
[Round "10"]
[White "Wang, David"]
[Black "Vedrickas, Tautvydas"]
[Result "0-1"]
[WhiteElo "2206"]
[BlackElo "2280"]
[PlyCount "86"]
[EventDate "2006.10.19"]
[EventType "swiss"]
[EventRounds "11"]
[EventCountry "GEO"]
[SourceTitle "EXT 2007"]
[Source "ChessBase"]
[SourceDate "2006.11.23"]
[SourceVersion "1"]
[SourceVersionDate "2006.11.23"]
[SourceQuality "1"]

1. e4 c5 2. Nf3 d6 3. d4 cxd4 4. Nxd4 Nf6 5. Nc3 a6 6. Bc4 e6 7. Bb3 Nbd7 8. Bg5 Nc5 9. f4 Be7 10. Qf3 Qc7 11. 0-0-0 0-0 12. Rhe1 b5 13. Nf5 exf5 14. Bxf6 Bxf6 15. Nd5 fxe4 16. Nxc7 exf3 17. Nxa8 Nxb3+ 18. axb3 fxg2 19. Nc7 Bg4 20. Rd3 Be2 21. Rg3 Bf1 22. Nd5 Bh4 23. Ree3 h5 24. Kd2 Kh7 25. f5 Re8 26. Rxg2 Bxg2 27. Rxe8 Bxd5 28. Kd3 Bf6 29. c3 h4 30. c4 Bg2 31. Ke2 Bd4 32. cxb5 axb5 33. Rb8 Bc6 34. h3 Bxb2 35. Rb6 Bd7 36. Rxd6 Bxf5 37. Rd5 g6 38. Rxb5 Bxh3 39. Kf3 Be6 40. b4 Kh6 41. Rb8 g5 42. b5 h3 43. b6 h2 0-1

[Event "Wch U18"]
[Site "Batumi"]
[Date "2006.10.25"]
[Round "8"]
[White "Wang, David"]
[Black "Banawa, Joel Cholo"]
[Result "0-1"]
[WhiteElo "2206"]
[BlackElo "2282"]
[PlyCount "64"]
[EventDate "2006.10.19"]
[EventType "swiss"]
[EventRounds "11"]
[EventCountry "GEO"]
[SourceTitle "EXT 2007"]
[Source "ChessBase"]
[SourceDate "2006.11.23"]
[SourceVersion "1"]
[SourceVersionDate "2006.11.23"]
[SourceQuality "1"]

1. e4 e5 2. Nf3 Nc6 3. Bb5 a6 4. Ba4 Nf6 5. 0-0 b5 6. Bb3 Bc5 7. a4 Rb8 8. axb5 axb5 9. Nxe5 Nxe5 10. d4 Bxd4 11. Qxd4 d6 12. c3 c5 13. Qe3 0-0 14. Nd2 Bb7 15. Bc2 Re8 16. Kh1 d5 17. f3 d4 18. cxd4 cxd4 19. Qg5 h6 20. Qh4 Rc8 21. Bb1 Qc7 22. Qf2 Qxc1 23. Rxc1 Rxc1+ 24. Nf1 Nc4 25. h4 Ne3 26. Qd2 Rxf1+ 27. Kh2 Rxf3 28. Bd3 Nfg4+ 29. Kh1 Rf2 30. Qb4 Rxg2 31. Rf1 Rxe4 32. Qxb5 Nf2+ 0-1

[Event "Wch U18"]
[Site "Batumi"]
[Date "2006.10.23"]
[Round "6"]
[White "Wang, David"]
[Black "Ibarra Chami, Luis Fernando"]
[Result "1-0"]
[WhiteElo "2206"]
[BlackElo "2339"]
[PlyCount "53"]
[EventDate "2006.10.19"]
[EventType "swiss"]
[EventRounds "11"]
[EventCountry "GEO"]
[SourceTitle "EXT 2007"]
[Source "ChessBase"]
[SourceDate "2006.11.23"]
[SourceVersion "1"]
[SourceVersionDate "2006.11.23"]
[SourceQuality "1"]

1. e4 d5 2. exd5 Qxd5 3. Nc3 Qd6 4. d4 Nf6 5. Nf3 c6 6. Be2 Bg4 7. 0-0 Nbd7 8. a4 e6 9. Bg5 Qc7 10. Ne5 Nxe5 11. dxe5 Bxe2 12. Qxe2 Nd7 13. f4 Bc5+ 14. Kh1 h6 15. Bh4 g5 16. Bg3 gxf4 17. Bxf4 Bd4 18. Ne4 Bc5 19. Rad1 Be7 20. Qh5 Rh7 21. Nf6+ Bxf6 22. exf6 Qb6 23. Rxd7 Kxd7 24. Rd1+ Kc8 25. a5 Qxb2 26. Qg4 b5 27. a6 1-0

[Event "Wch U18"]
[Site "Batumi"]
[Date "2006.10.22"]
[Round "4"]
[White "Wang, David"]
[Black "Baratosi, Daniel"]
[Result "1-0"]
[WhiteElo "2206"]
[BlackElo "2319"]
[PlyCount "57"]
[EventDate "2006.10.19"]
[EventType "swiss"]
[EventRounds "11"]
[EventCountry "GEO"]
[SourceTitle "EXT 2007"]
[Source "ChessBase"]
[SourceDate "2006.11.23"]
[SourceVersion "1"]
[SourceVersionDate "2006.11.23"]
[SourceQuality "1"]

1. e4 c5 2. Nf3 d6 3. d4 Nf6 4. Nc3 cxd4 5. Nxd4 g6 6. Be3 Bg7 7. f3 0-0 8. Qd2 Nc6 9. g4 Bxg4 10. fxg4 Nxg4 11. Nxc6 bxc6 12. Be2 Nxe3 13. Qxe3 Rb8 14. Nd1 Bxb2 15. Nxb2 Rxb2 16. Bd3 Qa5+ 17. Qd2 Qc5 18. Qf2 Qa5+ 19. Qd2 Qb6 20. Qf2 Rb1+ 21. Ke2 Rxh1 22. Rxh1 Qa5 23. h4 Qxa2 24. h5 c5 25. Qh4 Qe6 26. hxg6 Qxg6 27. e5 f5 28. Kf2 Kf7 29. Rg1 1-0

[Event "Canadian op"]
[Site "Kitchener"]
[Date "2006.07.18"]
[Round "4"]
[White "Wang, David"]
[Black "Swati, Ghate"]
[Result "0-1"]
[WhiteElo "2206"]
[BlackElo "2379"]
[PlyCount "136"]
[EventDate "2006.07.15"]
[EventType "swiss"]
[EventRounds "9"]
[EventCountry "CAN"]
[SourceTitle "CBM 113 Extra"]
[Source "ChessBase"]
[SourceDate "2006.09.14"]
[SourceVersion "1"]
[SourceVersionDate "2006.09.14"]
[SourceQuality "1"]

1. e4 e5 2. Nf3 Nc6 3. Bb5 a6 4. Ba4 Nf6 5. 0-0 Be7 6. Re1 b5 7. Bb3 d6 8. c3 0-0 9. h3 Nb8 10. d4 Nbd7 11. Nbd2 Bb7 12. Bc2 Re8 13. Nf1 Bf8 14. Ng3 g6 15. a4 Bg7 16. Bd3 c6 17. b4 Qc7 18. Bg5 Nf8 19. Qd2 Ne6 20. Be3 Nd7 21. Bf1 Nb6 22. a5 Nd7 23. Red1 Rad8 24. Rac1 Qb8 25. d5 cxd5 26. exd5 Nc7 27. c4 bxc4 28. Bxc4 f5 29. Bg5 Nf6 30. h4 Rd7 31. Bxf6 Bxf6 32. h5 Qd8 33. Rc2 Rg7 34. Bb3 Qe7 35. Ba4 Nb5 36. Rdc1 Qd8 37. hxg6 hxg6 38. Qe2 e4 39. Bxb5 axb5 40. Nd2 Bd4 41. Qxb5 e3 42. Nf3 exf2+ 43. Kf1 Be3 44. a6 Ba8 45. Qxe8+ Qxe8 46. Rc8 Re7 47. Rxe8+ Rxe8 48. Rc3 Bxd5 49. Nh1 g5 50. Nxf2 g4 51. Nd1 Bf4 52. Nh4 Bd2 53. Rc2 Bxb4 54. Nb2 Re1+ 55. Kf2 f4 56. g3 Rh1 57. Rc8+ Kf7 58. gxf4 Be1+ 59. Ke3 Bxh4 60. Kd4 Bf3 61. Nc4 Bf2+ 62. Kd3 Bc5 63. Nd2 Bd5 64. a7 Ra1 65. Nb3 Ra3 66. Kd2 Rxb3 67. a8Q Bxa8 68. Rxa8 g3 0-1

[Event "Wch U16"]
[Site "Belfort"]
[Date "2005.07.20"]
[Round "2"]
[White "Bindrich, Falko"]
[Black "Wang, David"]
[Result "1-0"]
[WhiteElo "2391"]
[BlackElo "2220"]
[PlyCount "61"]
[EventDate "2005.07.19"]
[EventType "swiss"]
[EventRounds "11"]
[EventCountry "FRA"]
[SourceTitle "CBM 107 Extra"]
[Source "ChessBase"]
[SourceDate "2005.09.01"]
[SourceVersion "1"]
[SourceVersionDate "2005.09.01"]
[SourceQuality "1"]

1. e4 c5 2. Nf3 Nc6 3. Nc3 d6 4. d4 cxd4 5. Nxd4 Nf6 6. Bg5 e6 7. Qd2 Be7 8. 0-0-0 a6 9. f3 Nxd4 10. Qxd4 b5 11. h4 Bb7 12. Qd2 Qc7 13. Kb1 Rc8 14. Bd3 h6 15. Be3 b4 16. Ne2 d5 17. e5 Ne4 18. Qe1 Nc5 19. Bxc5 Bxc5 20. Qg3 0-0 21. Rde1 Rfd8 22. Nf4 Bf8 23. Qg4 Bc6 24. Nxe6 fxe6 25. Qxe6+ Qf7 26. Bh7+ Kxh7 27. Qxf7 Rd7 28. Qf5+ g6 29. Qf4 Rdc7 30. h5 Be8 31. Qxf8 1-0

[Event "CAN-ch U16"]
[Site "Victoria"]
[Date "2005.03.26"]
[Round "6"]
[White "Ho, Martin"]
[Black "Wang, David"]
[Result "0-1"]
[WhiteElo "1889"]
[BlackElo "2220"]
[PlyCount "48"]
[EventDate "2005.03.24"]
[EventType "swiss"]
[EventRounds "7"]
[EventCountry "CAN"]
[SourceTitle "EXT 2006"]
[Source "ChessBase"]
[SourceDate "2005.11.24"]
[SourceVersion "1"]
[SourceVersionDate "2005.11.24"]
[SourceQuality "1"]

1. e4 c5 2. Nf3 e6 3. d4 cxd4 4. Nxd4 Nf6 5. Bd3 Nc6 6. Nxc6 bxc6 7. c4 d5 8. e5 Nd7 9. f4 Bc5 10. Nc3 0-0 11. Qe2 Ba6 12. Qh5 g6 13. Qg4 Nb6 14. h4 Bxc4 15. Bb1 d4 16. Ne4 Be7 17. h5 d3 18. Qh3 Qd4 19. Ng3 Bb4+ 20. Kd1 d2 21. Ne4 dxc1Q+ 22. Kxc1 Na4 23. Nc3 Nxc3 24. hxg6 Ne2+ 0-1

[Event "CAN-ch"]
[Site "Toronto"]
[Date "2004.08.20"]
[Round "1"]
[White "Wang, David"]
[Black "Hamilton, Robert"]
[Result "0-1"]
[WhiteElo "2110"]
[BlackElo "2349"]
[PlyCount "112"]
[EventDate "2004.08.20"]
[EventType "swiss"]
[EventRounds "9"]
[EventCountry "CAN"]
[SourceTitle "CBM 101 Extra"]
[Source "ChessBase"]
[SourceDate "2004.09.01"]
[SourceVersion "2"]
[SourceVersionDate "2004.09.01"]
[SourceQuality "1"]

1. e4 c5 2. Nf3 e6 3. d4 cxd4 4. Nxd4 a6 5. Bd3 Bc5 6. Nb3 Be7 7. c4 d6 8. 0-0 Nf6 9. Nc3 Nbd7 10. Be3 Qc7 11. f4 b6 12. Qf3 Bb7 13. Qg3 g6 14. a4 Rc8 15. Rae1 0-0 16. Bd4 Nh5 17. Qh3 e5 18. Nd5 Bxd5 19. exd5 Rce8 20. fxe5 dxe5 21. Bc3 Bd6 22. g3 f5 23. Nd2 Nhf6 24. Qg2 e4 25. Bc2 Ne5 26. h3 h5 27. b3 b5 28. Kh1 bxa4 29. bxa4 Nxd5 30. Bxe5 Bxe5 31. Nxe4 fxe4 32. Rxf8+ Rxf8 33. Qxe4 Bxg3 34. Qxd5+ Kg7 35. Qd4+ Kh7 36. Bxg6+ Kxg6 37. Re6+ Kg5 38. h4+ Bxh4 39. Re5+ Kg6 40. Qe4+ Kg7 41. Qg2+ Kf6 42. Rxh5 Qf4 43. Rh7 Qc1+ 44. Kh2 Bg3+ 45. Kh3 Qg5 46. Qc6+ Kf5 47. Qd7+ Ke4 48. Re7+ Be5 49. Qd5+ Kf4 50. Qd2+ Kf3 51. Qxg5 Rh8+ 52. Qh4 Rxh4+ 53. Kxh4 Bf6+ 54. Kh5 Bxe7 55. Kg6 Ke4 56. Kf7 Bc5 0-1

[Event "CAN-ch U16"]
[Site "Kapuskasing"]
[Date "2004.07.09"]
[Round "7"]
[White "Wang, David"]
[Black "Rodriguez, Aaron"]
[Result "1-0"]
[WhiteElo "2140"]
[BlackElo "1730"]
[PlyCount "77"]
[EventDate "2004.07.06"]
[EventType "swiss"]
[EventRounds "7"]
[EventCountry "CAN"]
[SourceTitle "EXT 2006"]
[Source "ChessBase"]
[SourceDate "2005.11.24"]
[SourceVersion "1"]
[SourceVersionDate "2005.11.24"]
[SourceQuality "1"]

1. e4 g6 2. d4 Bg7 3. Nc3 d6 4. Bc4 Nf6 5. Qe2 e5 6. dxe5 dxe5 7. Nf3 Nbd7 8. 0-0 0-0 9. Rd1 Qe7 10. Bg5 c6 11. Rd2 h6 12. Bh4 g5 13. Bg3 b5 14. Bb3 a5 15. a4 b4 16. Nd1 g4 17. Nh4 Nc5 18. Ng6 Qe8 19. Nxf8 Nfxe4 20. Ne3 Nxb3 21. cxb3 Nxd2 22. Qxd2 Bxf8 23. Nc4 f6 24. Nb6 Rb8 25. Nxc8 Rxc8 26. Rd1 Kf7 27. Qd3 h5 28. Qf5 Ke7 29. Bh4 Bg7 30. Qxe5+ Kf8 31. Qxa5 c5 32. Qb6 Rc6 33. Qb5 Rc8 34. Qd3 Rc6 35. Bg3 Kg8 36. Qd5+ Re6 37. Re1 Kf7 38. Qxh5+ Kf8 39. Bd6+ 1-0

[Event "Ontario op"]
[Site "Ontario"]
[Date "2004.05.23"]
[Round "4"]
[White "Wang, David"]
[Black "Ochkoos, Jura"]
[Result "0-1"]
[WhiteElo "2110"]
[BlackElo "2312"]
[PlyCount "85"]
[EventDate "2004.05.22"]
[EventType "swiss"]
[EventRounds "6"]
[EventCountry "CAN"]
[SourceTitle "CBM 100 Extra"]
[Source "ChessBase"]
[SourceDate "2004.07.06"]
[SourceVersion "2"]
[SourceVersionDate "2004.07.06"]
[SourceQuality "1"]

1. e4 c5 2. Nf3 Nc6 3. d4 cxd4 4. Nxd4 g6 5. c4 Bg7 6. Be3 Nf6 7. Nc3 d6 8. Be2 0-0 9. 0-0 Bd7 10. Qd2 Nxd4 11. Bxd4 Bc6 12. f3 Qa5 13. Rfc1 Rfc8 14. Be3 Nd7 15. Rab1 Qd8 16. b4 b6 17. Rc2 Qe8 18. Rcc1 Bb7 19. Nd5 Bf8 20. Rb2 Ba6 21. Rbc2 e6 22. Nf4 Bb7 23. Nh3 a5 24. bxa5 Rxa5 25. Bxb6 Ra4 26. Be3 Bc6 27. Bf4 e5 28. Be3 Nc5 29. Nf2 Rca8 30. Bxc5 dxc5 31. Rb2 Rd8 32. Qc3 h5 33. Bd1 Ra7 34. Nd3 Bh6 35. f4 exf4 36. Bf3 Bg7 37. e5 Bxf3 38. gxf3 Rad7 39. Nxc5 Bxe5 40. Qb4 Bxb2 41. Ne4 Bd4+ 42. Kg2 f5 43. Rc2 0-1